Rosa Atalanta BC 2023-24 - Statistics

Statistiche generali
  • Questo quiz è stato fatto 169 volte
  • Il punteggio medio è 21 su 27
Statistiche sulle risposte
Numero Ruolo Giocatore Nazionalità % Corretto
11 ATT Ademola Lookman Nigeria
94%
1 POR Juan Musso Argentina
94%
13 CEN Éderson Brasile
93%
8 CEN Mario Pašalić Croazia
92%
15 CEN Marten de Roon Paesi Bassi
92%
7 CEN Teun Koopmeiners Paesi Bassi
91%
(9) (ATT) (Luis Muriel) (Colombia)
89%
90 ATT Gianluca Scamacca Italia
88%
29 POR Marco Carnesecchi Italia
88%
77 DIF Davide Zappacosta Italia
87%
2 DIF Rafael Tolói Italia
87%
19 DIF Berat Djimsiti Albania
86%
17 ATT Charles De Ketelaere Belgio
86%
42 DIF Giorgio Scalvini Italia
85%
59 ATT Aleksej Miranchuk Russia
81%
10 ATT El Bilal Touré Mali
80%
4 DIF Isak Hien Svezia
80%
23 DIF Sead Kolašinac Bosnia ed Herzegovina
79%
6 DIF José Luis Palomino Argentina
76%
33 DIF Hans Hateboer Paesi Bassi
75%
22 DIF Matteo Ruggeri Italia
72%
31 POR Francesco Rossi Italia
66%
3 DIF Emil Holm Svezia
60%
20 DIF Mitchel Bakker Paesi Bassi
58%
25 CEN Michel Adopo Francia
50%
43 DIF Giovanni Bonfanti Italia
37%
(21) (DIF) (Nadir Zortea) (Italia)
28%
Nessun quiz corrispondente trovato
Distribuzione punteggi
Percentuale di utenti per punteggio
Percentile per numero di risposta
I tuoi punteggi nel tempo
Non hai fatto questo quiz